Statistics for Present Eastenders Characters

Click here to take the quiz!

General Stats

  • This quiz has been taken 957 times
  • The average score is 26 of 50

Answer Stats

Last NameFirst Name% Correct
BealeIan
91%
BranningMax
90%
MoonKat
81%
BranningLauren
81%
MitchellPhil
81%
MoonAlfie
77%
BealeBobby
77%
BealeLucy
73%
BranningJack
72%
FoxDenise
69%
AhmedMasood
69%
HarrisMo
69%
TruemanPatrick
68%
CrossTanya
68%
RickmanSharon
67%
ButcherBianca
64%
FoxKim
64%
BranningDot
62%
CarterShirley
62%
JacksonCarol
59%
DeanWhitney
59%
RickmanDennis
58%
ButcherTiffany
57%
CrossCora
56%
MitchellRoxy
55%
ButcherLiam
52%
MitchellBilly
49%
MasoodTamwar
49%
ButcherJanine
48%
MoonTommy
47%
SlaterJean
45%
MitchellJay
43%
ButcherMorgan
43%
PearceLola
41%
MoonMichael
40%
BranningAbby
35%
MitchellAmy
33%
HartmanDexter
33%
AhmedAj
30%
PearceLexi
30%
HartmanAva
27%
MeadowPoppy
27%
BranningAlice
26%
BranningJoey
26%
DixonRay
23%
MoonTyler
23%
JamesSam
21%
BranningKirsty
18%
MoonScarlett
16%
Fatboy
14%

Score Distribution

Percentile by Number Answered

Percent of People with Each Score

Your Score History

You have not taken this quiz